Busiest Airports in Japan - Statistics

General Stats
  • This quiz has been taken 358 times
  • The average score is 20 of 30
Answer Stats
# Airport IATA % Correct
87.4 m Tokyo Haneda HND
100%
31.8 m Kansai KIX
99%
42.4 m Tokyo Narita NRT
99%
16.5 m Osaka Itami ITM
95%
24.6 m Sapporo Chitose CTS
94%
24.7 m Fukuoka FUK
93%
3.17 m Hiroshima HIJ
93%
13.5 m Chubu Centrair NGO
92%
21.8 m Naha OKA
90%
3.36 m Nagasaki NGS
84%
3.36 m Kobe UKB
81%
3.86 m Sendai SDJ
78%
6.08 m Kagoshima KOJ
63%
1.20 m Niigata KIJ
60%
1.61 m Okayama OKJ
59%
3.49 m Kumamoto MKJ
58%
1.25 m Aomori AOJ
55%
1.38 m Akita AXT
54%
1.80 m Hakodate HKD
52%
1.75 m Kitakyushu KKJ
52%
3.15 m Matsuyama MYJ
51%
1.66 m Kochi KCZ
50%
3.41 m Miyazaki KMI
50%
1.98 m Oita OIT
49%
2.15 m Takamatsu TAK
40%
1.22 m Tokushima TKS
40%
1.16 m Asahikawa AKJ
37%
2.61 m Ishigaki ISG
35%
1.89 m Komatsu KMQ
30%
1.80 m Miyako MMY
30%
No matching quizzes found
Score Distribution
Percent of People with Each Score
Percentile by Number Answered
Your Score History
You have not taken this quiz